000
00258nam a2200097Ia 4500
001
1200546
005
20250827022615.0
008
250824s9999 xx 000 0 und d
245
0
_a
BİR DİLEKLE BAŞLADI HERŞEY
_c
DEBBIE MACOMBER
260
_b
MARTI YAYINCILIK
999
_c
1200546
_d
1200546